[Event "BI-2016-F-0000"]
[Site "LSS email"]
[Date "2016.02.14"]
[Round "?"]
[White "Mauer, Klaus"]
[Black "Stolz, Stephan"]
[Result "1/2-1/2"]
[WhiteElo "1905"]
[BlackElo "2329"]
[PlyCount "71"]
[EventDate "2016.02.20"]
[EventType "tourn (corr)"]
[EventRounds "10"]
[EventCountry "GER"]
[SourceTitle "Corr 2022"]
[Source "ChessBase"]
[SourceDate "2021.10.24"]
[SourceVersion "1"]
[SourceVersionDate "2021.10.24"]
[SourceQuality "1"]

1. e4 e6 2. Nf3 d5 3. e5 c5 4. b4 cxb4 5. a3 bxa3 6. c3 Nc6 7. d4 Bd7 8. Nxa3 a6 9. Bd3 Rc8 10. 0-0 Na5 11. Bb2 Nh6 12. Qe2 Be7 13. Rfb1 0-0 14. Nc2 Nc4 15. Bc1 Bb5 16. Ne3 Nxe3 17. Bxb5 axb5 18. Bxe3 Nf5 19. Rxb5 Rxc3 20. Rxb7 Nxe3 21. fxe3 Bg5 22. Nxg5 Qxg5 23. Re1 h5 24. h3 h4 25. Qd2 Ra3 26. Qf2 Qg3 27. Rbb1 Kh7 28. Qe2 Kh6 29. e4 dxe4 30. Qxe4 Rd8 31. Rf1 Rd3 32. Rb4 Rd7 33. d5 R3xd5 34. Qxh4+ Qxh4 35. Rxh4+ Kg6 36. Re1 1/2-1/2

[Event "BI-2016-F-0000"]
[Site "LSS email"]
[Date "2016.02.14"]
[Round "?"]
[White "Susla, Vitaliy"]
[Black "Mauer, Klaus"]
[Result "1/2-1/2"]
[WhiteElo "2290"]
[BlackElo "1905"]
[PlyCount "49"]
[EventDate "2016.02.20"]
[EventType "tourn (corr)"]
[EventRounds "10"]
[EventCountry "GER"]
[SourceTitle "Corr 2022"]
[Source "ChessBase"]
[SourceDate "2021.10.24"]
[SourceVersion "1"]
[SourceVersionDate "2021.10.24"]
[SourceQuality "1"]

1. d4 Nf6 2. c4 e6 3. Nf3 c5 4. d5 b5 5. dxe6 fxe6 6. cxb5 d5 7. g3 a6 8. bxa6 Nc6 9. Bh3 Be7 10. 0-0 0-0 11. Nc3 Rxa6 12. Bf4 d4 13. Nb5 Nd5 14. Bd2 e5 15. Bxc8 Qxc8 16. e4 Nb6 17. b3 c4 18. bxc4 Qg4 19. Ng5 Qxd1 20. Rfxd1 Nxc4 21. Ne6 Rb8 22. a4 Nb2 23. Rdc1 Rxa4 24. Rxa4 Nxa4 25. Rxc6 1/2-1/2

[Event "WC-2016-P-00006"]
[Site "LSS email"]
[Date "2016.01.22"]
[Round "?"]
[White "Latib, Ali"]
[Black "Mauer, Klaus"]
[Result "1/2-1/2"]
[WhiteElo "2114"]
[BlackElo "1905"]
[PlyCount "102"]
[EventDate "2016.01.28"]
[EventType "tourn (corr)"]
[EventRounds "12"]
[EventCountry "GER"]
[SourceTitle "Corr 2022"]
[Source "ChessBase"]
[SourceDate "2021.10.24"]
[SourceVersion "1"]
[SourceVersionDate "2021.10.24"]
[SourceQuality "1"]

1. d4 Nf6 2. c4 e6 3. Nc3 d5 4. Bg5 dxc4 5. e3 c5 6. Bxc4 cxd4 7. exd4 Nc6 8. Nf3 Be7 9. 0-0 0-0 10. a3 b6 11. Qd3 Bb7 12. Rfe1 h6 13. Bf4 Rc8 14. Bg3 Bd6 15. Bh4 Be7 16. Rad1 Nh5 17. d5 Bxh4 18. dxc6 Bxc6 19. Ba6 Qxd3 20. Rxd3 Bxf3 21. Bxc8 Bxg2 22. Ba6 Bc6 23. Rd6 Bf3 24. Re3 Ba8 25. Rd7 Nf4 26. Ne2 Nd5 27. Rb3 Bf6 28. Rxa7 g5 29. Bb5 Kg7 30. h3 Be5 31. Kf1 Kg6 32. Nc1 Rc8 33. Nd3 Bd4 34. Ba6 Rd8 35. Bb7 Bxb7 36. Rxb7 Rc8 37. Rd7 h5 38. Ke1 Rc4 39. Rb5 f5 40. Kf1 Kf6 41. Rd8 h4 42. Rd7 Bc5 43. Rf7+ Kxf7 44. Ne5+ Kf6 45. Nxc4 g4 46. hxg4 fxg4 47. b4 Bd4 48. a4 h3 49. a5 h2 50. Kg2 Bxf2 51. Kh1 g3 1/2-1/2

[Event "WC-2016-P-00006"]
[Site "LSS email"]
[Date "2016.01.22"]
[Round "?"]
[White "Mauer, Klaus"]
[Black "Quinones Borda, Jorge Victor"]
[Result "1/2-1/2"]
[WhiteElo "1905"]
[BlackElo "2233"]
[PlyCount "93"]
[EventDate "2016.01.28"]
[EventType "tourn (corr)"]
[EventRounds "12"]
[EventCountry "GER"]
[SourceTitle "Corr 2022"]
[Source "ChessBase"]
[SourceDate "2021.10.24"]
[SourceVersion "1"]
[SourceVersionDate "2021.10.24"]
[SourceQuality "1"]

1. e4 d5 2. exd5 Qxd5 3. Nc3 Qa5 4. d4 Nf6 5. Nf3 c6 6. Bd3 Bg4 7. h3 Bh5 8. Bd2 Nbd7 9. Qe2 e6 10. 0-0-0 Bg6 11. Bxg6 hxg6 12. Kb1 Bb4 13. Rhe1 0-0 14. h4 Rfd8 15. Ne4 Nxe4 16. Bxb4 Qxb4 17. Qxe4 Nf6 18. Qe2 Rac8 19. Ne5 c5 20. c3 Qa5 21. dxc5 Rxd1+ 22. Qxd1 Qxc5 23. Qf3 Qc7 24. g4 Rd8 25. g5 Nh5 26. c4 a5 27. Re4 Rd2 28. a3 f5 29. Re2 Rd1+ 30. Ka2 Kh7 31. c5 Qxc5 32. Nxg6 Qc4+ 33. b3 Qg4 34. Nf8+ Kg8 35. Qxg4 fxg4 36. Nxe6 Kf7 37. Re4 Rf1 38. Nd8+ Kg6 39. Rxg4 Rxf2+ 40. Kb1 Rf3 41. Rd4 Rxb3+ 42. Ka2 Rb5 43. a4 Rb6 44. Ka3 Rb1 45. Rd6+ Kf5 46. Rd5+ Kg4 47. Rxa5 1/2-1/2

[Event "WC-2016-P-00006"]
[Site "LSS email"]
[Date "2016.01.22"]
[Round "?"]
[White "Mauer, Klaus"]
[Black "Schmidt, Johannes"]
[Result "1/2-1/2"]
[WhiteElo "1905"]
[BlackElo "1724"]
[PlyCount "65"]
[EventDate "2016.01.28"]
[EventType "tourn (corr)"]
[EventRounds "12"]
[EventCountry "GER"]
[SourceTitle "Corr 2022"]
[Source "ChessBase"]
[SourceDate "2021.10.24"]
[SourceVersion "1"]
[SourceVersionDate "2021.10.24"]
[SourceQuality "1"]

1. e4 c5 2. Nf3 d6 3. d4 cxd4 4. Nxd4 Nf6 5. Nc3 a6 6. Bg5 e6 7. Qf3 Nbd7 8. Be2 Qc7 9. a4 Be7 10. a5 Ne5 11. Qg3 Bd7 12. 0-0 Rc8 13. Nb3 Ng6 14. Rfd1 Bc6 15. Nd2 h6 16. Be3 0-0 17. Bc4 Bxe4 18. Bxe6 Bxc2 19. Bb6 Qc6 20. Bxc8 Bxd1 21. Bxb7 Qxb7 22. Rxd1 Rc8 23. Qe3 d5 24. Nf1 Bb4 25. Ng3 Re8 26. Qd4 Bd6 27. Qd2 Be5 28. Nxd5 Nxd5 29. Qxd5 Qxd5 30. Rxd5 Bxb2 31. Nf1 Ne7 32. Rd3 Nc6 33. Ne3 1/2-1/2

[Event "ZI-2016-0-02109"]
[Site "LSS email"]
[Date "2016.01.15"]
[Round "?"]
[White "Csernus, Robert"]
[Black "Mauer, Klaus"]
[Result "0-1"]
[WhiteElo "1732"]
[BlackElo "1900"]
[PlyCount "132"]
[EventDate "2016.01.01"]
[EventType "match (corr)"]
[EventRounds "2"]
[EventCountry "GER"]
[SourceTitle "Corr 2022"]
[Source "ChessBase"]
[SourceDate "2021.10.24"]
[SourceVersion "1"]
[SourceVersionDate "2021.10.24"]
[SourceQuality "1"]

1. d4 Nf6 2. c4 e6 3. Nc3 d5 4. Bg5 dxc4 5. e3 c5 6. Bxc4 cxd4 7. exd4 Nc6 8. Nf3 Be7 9. 0-0 0-0 10. Rc1 b6 11. a3 Bb7 12. Qd3 Rc8 13. Rfd1 h6 14. Bf4 Bd6 15. Be5 Na5 16. Ba2 Bxe5 17. Nxe5 Nc6 18. Bb1 Ne7 19. f3 Re8 20. Rc2 Rc7 21. Ne4 Ned5 22. Rxc7 Qxc7 23. Qd2 Rc8 24. Bd3 Qd8 25. Re1 Ne8 26. Bb1 Nd6 27. Nxd6 Qxd6 28. Qd3 Nf6 29. Rd1 Kf8 30. Qe3 a5 31. Bd3 Nd5 32. Qe4 f6 33. Ng6+ Kf7 34. Re1 Bc6 35. Kh1 b5 36. Qg4 Bd7 37. f4 f5 38. Qg3 Be8 39. Ne5+ Kf8 40. Qf2 b4 41. axb4 Qxb4 42. Ra1 Rb8 43. Rb1 a4 44. h3 Qb3 45. Bc4 Qe3 46. Rf1 Qxf2 47. Rxf2 Rd8 48. Bxd5 Rxd5 49. Rd2 Ke7 50. Kg1 Rb5 51. Nc4 Rb4 52. Ne5 Kd6 53. Kf2 Kd5 54. Ke3 Bb5 55. Nf3 Ba6 56. Ne5 g5 57. Nd7 gxf4+ 58. Kf3 Bb5 59. Nf6+ Kc4 60. d5 exd5 61. Kxf4 Kb3+ 62. Kxf5 Bc6 63. g4 Ka2 64. Kg6 d4 65. Kxh6 Kb1 66. g5 Kc1 0-1

[Event "BI-2015-P-0000"]
[Site "LSS email"]
[Date "2015.04.16"]
[Round "?"]
[White "Basson, Heinrich"]
[Black "Mauer, Klaus"]
[Result "0-1"]
[WhiteElo "1379"]
[BlackElo "1702"]
[PlyCount "32"]
[EventDate "2015.04.22"]
[EventType "tourn (corr)"]
[EventRounds "10"]
[EventCountry "GER"]
[SourceTitle "Corr 2022"]
[Source "ChessBase"]
[SourceDate "2021.10.24"]
[SourceVersion "1"]
[SourceVersionDate "2021.10.24"]
[SourceQuality "1"]

1. b4 e5 2. Bb2 Bxb4 3. Bxe5 Nf6 4. e3 0-0 5. Nf3 d5 6. Bd3 c5 7. c4 Nc6 8. Bc3 d4 9. Bxb4 Nxb4 10. Bc2 Bg4 11. h3 Bxf3 12. gxf3 Nh5 13. Be4 f5 14. Bc2 dxe3 15. dxe3 Qf6 16. Nd2 Nxc2+ 0-1

[Event "BI-2015-P-0000"]
[Site "LSS email"]
[Date "2015.04.16"]
[Round "?"]
[White "Mauer, Klaus"]
[Black "Galje, Hans"]
[Result "1/2-1/2"]
[WhiteElo "1702"]
[BlackElo "2090"]
[PlyCount "90"]
[EventDate "2015.04.22"]
[EventType "tourn (corr)"]
[EventRounds "10"]
[EventCountry "GER"]
[SourceTitle "Corr 2022"]
[Source "ChessBase"]
[SourceDate "2021.10.24"]
[SourceVersion "1"]
[SourceVersionDate "2021.10.24"]
[SourceQuality "1"]

1. e4 c5 2. d4 cxd4 3. c3 dxc3 4. Nxc3 e6 5. Nf3 Nc6 6. Bf4 a6 7. Be2 d6 8. Qb3 Nf6 9. 0-0 Be7 10. Rad1 Qc7 11. Qa3 e5 12. Bg5 d5 13. Qa4 dxe4 14. Bxf6 Bxf6 15. Nd5 Qd8 16. Qxe4 0-0 17. Bc4 g6 18. Rfe1 Bf5 19. Qe3 Bg4 20. Nb6 Nd4 21. Nxa8 Bxf3 22. gxf3 b5 23. Bb3 Qxa8 24. Kg2 a5 25. Qe4 Qc8 26. h4 Rd8 27. h5 a4 28. Bd5 Qd7 29. Bc6 Qe6 30. Rxd4 exd4 31. Qxe6 fxe6 32. Bxb5 d3 33. hxg6 hxg6 34. Bxa4 Bxb2 35. Rxe6 Kg7 36. Bd1 g5 37. f4 gxf4 38. Kf3 Bc1 39. Ke4 Bd2 40. a4 Kf7 41. Re5 Kg6 42. Bh5+ Kg7 43. Rf5 Rd6 44. Bd1 Kg6 45. Rf8 Kg7 1/2-1/2

[Event "BI-2015-P-0000"]
[Site "LSS email"]
[Date "2015.04.16"]
[Round "?"]
[White "Mauer, Klaus"]
[Black "Pazderski, Ludwik"]
[Result "1/2-1/2"]
[WhiteElo "1702"]
[BlackElo "2207"]
[PlyCount "119"]
[EventDate "2015.04.22"]
[EventType "tourn (corr)"]
[EventRounds "10"]
[EventCountry "GER"]
[SourceTitle "Corr 2022"]
[Source "ChessBase"]
[SourceDate "2021.10.24"]
[SourceVersion "1"]
[SourceVersionDate "2021.10.24"]
[SourceQuality "1"]

1. e4 e5 2. f4 exf4 3. Nf3 g5 4. Nc3 Nc6 5. h3 Bg7 6. d4 d6 7. g3 g4 8. hxg4 Bxg4 9. Bxf4 Nxd4 10. Bg2 Qd7 11. Qd3 Ne6 12. 0-0-0 0-0-0 13. Be3 a6 14. e5 Bxf3 15. Bxf3 Bxe5 16. Rh5 Ne7 17. Qc4 Nc6 18. b4 Bxc3 19. Qxc3 f5 20. Bd5 Rhg8 21. b5 axb5 22. Rdh1 Kb8 23. Rxh7 Rg7 24. Rxg7 Qxg7 25. Qxg7 Nxg7 26. Rh7 Re8 27. Kd2 f4 28. gxf4 Nf5 29. Bg1 Rf8 30. Ke2 Nce7 31. Rf7 Rxf7 32. Bxf7 Ng7 33. Kf3 Kc8 34. Kg4 Kd7 35. Bf2 b6 36. a3 c5 37. Kg5 Ne6+ 38. Kg4 Nd5 39. Kf5 Nec7 40. Bh5 Ne7+ 41. Ke4 Ncd5 42. Bg4+ Ke8 43. Be6 Nf6+ 44. Ke3 d5 45. Bh4 Nh5 46. Kf3 Ng7 47. Bxe7 Nxe6 48. Bf6 Nd8 49. Bxd8 Kxd8 50. Kg4 Kd7 51. Kf5 d4 52. Ke5 Kd8 53. Kd5 Kd7 54. f5 Ke7 55. Ke5 Ke8 56. Kd5 Kf7 57. Ke5 Ke7 58. Kd5 Kf7 59. Ke5 Ke7 60. Kd5 1/2-1/2

[Event "SD-2015-0-00220"]
[Site "LSS email"]
[Date "2015.04.06"]
[Round "?"]
[White "Csernus, Robert"]
[Black "Mauer, Klaus"]
[Result "1/2-1/2"]
[WhiteElo "1613"]
[BlackElo "1559"]
[PlyCount "98"]
[EventDate "2015.02.24"]
[EventType "tourn (corr)"]
[EventRounds "6"]
[EventCountry "GER"]
[SourceTitle "Corr 2022"]
[Source "ChessBase"]
[SourceDate "2021.10.24"]
[SourceVersion "1"]
[SourceVersionDate "2021.10.24"]
[SourceQuality "1"]

1. d4 Nf6 2. c4 e5 3. dxe5 Ng4 4. Nf3 Bc5 5. e3 Nc6 6. Nc3 0-0 7. Be2 Ncxe5 8. Nxe5 Nxe5 9. f4 Nc6 10. 0-0 d6 11. Bd3 Re8 12. Ne4 Qh4 13. Bd2 Bg4 14. Qb3 Bb6 15. Rae1 Re7 16. Nc3 Rae8 17. Nd5 Re6 18. Rf2 Nd4 19. Qc3 Rh6 20. h3 Nf3+ 21. gxf3 Bxh3 22. Ree2 f6 23. Rg2 Bxg2 24. Rxg2 Kh8 25. b4 c6 26. Nxb6 axb6 27. Qd4 Qh1+ 28. Kf2 Rh2 29. Bf1 Ra8 30. Qxd6 h5 31. Qd7 Rxg2+ 32. Bxg2 Qh4+ 33. Kf1 Rxa2 34. Be1 Ra1 35. Qd8+ Kh7 36. Qd2 g6 37. Ke2 Qh2 38. Qd7+ Kh6 39. Qh3 Qg1 40. Bf1 Ra3 41. Bd2 Ra2 42. Qg2 Qxg2+ 43. Bxg2 Kg7 44. Bh3 f5 45. e4 Kf6 46. Kd3 h4 47. exf5 gxf5 48. Bf1 Ke6 49. Ke3 Rb2 1/2-1/2

[Event "SD-2015-0-00220"]
[Site "LSS email"]
[Date "2015.04.06"]
[Round "?"]
[White "Mauer, Klaus"]
[Black "Cuaycong, Virgilio"]
[Result "1-0"]
[WhiteElo "1559"]
[BlackElo "1383"]
[PlyCount "57"]
[EventDate "2015.02.24"]
[EventType "tourn (corr)"]
[EventRounds "6"]
[EventCountry "GER"]
[SourceTitle "Corr 2022"]
[Source "ChessBase"]
[SourceDate "2021.10.24"]
[SourceVersion "1"]
[SourceVersionDate "2021.10.24"]
[SourceQuality "1"]

1. e4 e5 2. f4 exf4 3. Nf3 g5 4. Bc4 Bg7 5. 0-0 d6 6. c3 h6 7. d4 Nc6 8. Qa4 Bd7 9. Qb3 Na5 10. Bxf7+ Kf8 11. Qd5 c6 12. Qxd6+ Kxf7 13. Bxf4 gxf4 14. Qxf4+ Ke8 15. Nbd2 b6 16. b4 Nb7 17. Qg3 Qe7 18. e5 Be6 19. b5 cxb5 20. Ne4 b4 21. Nd6+ Kd8 22. d5 Bxd5 23. Rad1 Nxd6 24. Rxd5 Rc8 25. exd6 Qe3+ 26. Kh1 Qxc3 27. Rdd1 Ra8 28. Rc1 Qf6 29. d7 1-0

[Event "SD-2015-0-00219"]
[Site "LSS email"]
[Date "2015.03.29"]
[Round "?"]
[White "Mauer, Klaus"]
[Black "Masek, Lubos"]
[Result "1-0"]
[WhiteElo "1504"]
[BlackElo "1470"]
[PlyCount "43"]
[EventDate "2015.02.14"]
[EventType "tourn (corr)"]
[EventRounds "6"]
[EventCountry "GER"]
[SourceTitle "Corr 2022"]
[Source "ChessBase"]
[SourceDate "2021.10.24"]
[SourceVersion "1"]
[SourceVersionDate "2021.10.24"]
[SourceQuality "1"]

1. e4 c5 2. d4 cxd4 3. c3 dxc3 4. Nxc3 d6 5. Nf3 a6 6. Qb3 e6 7. Bf4 Nc6 8. Be2 h6 9. 0-0 Nf6 10. Rfd1 Qc7 11. Rac1 Be7 12. e5 dxe5 13. Nxe5 Qa5 14. Nc4 Qf5 15. Nd6+ Bxd6 16. Bxd6 b5 17. Nxb5 axb5 18. Bxb5 Bd7 19. Bxc6 Bxc6 20. Rxc6 Rd8 21. Rc8 Qa5 22. Qb7 1-0

[Event "SD-2015-0-00219"]
[Site "LSS email"]
[Date "2015.03.23"]
[Round "?"]
[White "Sternik, Ryszard"]
[Black "Mauer, Klaus"]
[Result "0-1"]
[WhiteElo "1662"]
[BlackElo "1504"]
[PlyCount "68"]
[EventDate "2015.02.14"]
[EventType "tourn (corr)"]
[EventRounds "6"]
[EventCountry "GER"]
[SourceTitle "Corr 2022"]
[Source "ChessBase"]
[SourceDate "2021.10.24"]
[SourceVersion "1"]
[SourceVersionDate "2021.10.24"]
[SourceQuality "1"]

1. e4 e5 2. Nf3 Nc6 3. Bb5 f5 4. Nc3 fxe4 5. Nxe4 Nf6 6. Qe2 d5 7. Nxf6+ gxf6 8. d4 e4 9. Nh4 Be6 10. Bxc6+ bxc6 11. 0-0 Kd7 12. g3 Bd6 13. c4 dxc4 14. Qxe4 Qe8 15. Qc2 Qh5 16. f3 Rag8 17. Ng2 Bxg3 18. hxg3 Rxg3 19. Bf4 Rh3 20. Rae1 Bd5 21. Re3 Rg8 22. Qe2 Kc8 23. Kf2 Rxg2+ 24. Kxg2 Qg4+ 25. Kf2 Qxf4 26. Ke1 Rh2 27. Rf2 Qh4 28. Qd2 f5 29. Qe2 Kb7 30. Rc3 a5 31. Ra3 c3 32. Rxc3 Rh1+ 33. Kd2 Qxd4+ 34. Kc2 Qa4+ 0-1

[Event "OP-2015-0-03675"]
[Site "LSS email"]
[Date "2015.03.21"]
[Round "?"]
[White "Richter, Klaus"]
[Black "Mauer, Klaus"]
[Result "0-1"]
[WhiteElo "1749"]
[BlackElo "1569"]
[PlyCount "100"]
[EventDate "2015.03.12"]
[EventType "tourn (corr)"]
[EventRounds "4"]
[EventCountry "GER"]
[SourceTitle "Corr 2022"]
[Source "ChessBase"]
[SourceDate "2021.10.24"]
[SourceVersion "1"]
[SourceVersionDate "2021.10.24"]
[SourceQuality "1"]

1. d4 Nf6 2. f3 d5 3. e4 dxe4 4. Nc3 exf3 5. Nxf3 e6 6. Bg5 Be7 7. Bd3 0-0 8. 0-0 Nc6 9. Qe1 Nxd4 10. Nxd4 Qxd4+ 11. Kh1 Qg4 12. Ne4 Nd5 13. Bxe7 Nxe7 14. Rd1 Ng6 15. Nf2 Qg5 16. Qc3 f5 17. Qxc7 Nf4 18. Rg1 Rf7 19. Qe5 Bd7 20. Bf1 Bc6 21. Rd4 Nd5 22. Bd3 Re8 23. Be2 Qh6 24. Nd3 f4 25. Bf3 Rf5 26. Qe2 Ref8 27. Ne5 Ne3 28. Nxc6 bxc6 29. Rd7 R5f6 30. Rb1 e5 31. Qd3 Re6 32. Qe4 a5 33. c3 Qh4 34. Rc7 Rh6 35. h3 Qf2 36. Rxc6 Rh4 37. Rd1 Qg3 38. Rcd6 Nxg2 39. Qd5+ Kh8 40. Bxg2 f3 41. Qxf3 Rxh3+ 42. Bxh3 Qxf3+ 43. Bg2 Qg3 44. R6d3 Qg5 45. Rd5 g6 46. R1d3 Qc1+ 47. Kh2 Qf4+ 48. Kg1 e4 49. Rh3 Qf2+ 50. Kh2 e3 0-1

[Event "RD-2015-0-00112"]
[Site "LSS email"]
[Date "2015.03.18"]
[Round "?"]
[White "Mauer, Klaus"]
[Black "Rodriguez, Elsiomo"]
[Result "1-0"]
[WhiteElo "800"]
[BlackElo "1781"]
[PlyCount "191"]
[EventDate "2014.12.03"]
[EventType "tourn (corr)"]
[EventRounds "6"]
[EventCountry "GER"]
[SourceTitle "Corr 2022"]
[Source "ChessBase"]
[SourceDate "2021.10.24"]
[SourceVersion "1"]
[SourceVersionDate "2021.10.24"]
[SourceQuality "1"]

1. e4 e6 2. d4 d5 3. Be3 dxe4 4. Nd2 Nf6 5. c3 Bd7 6. g3 Nd5 7. Qe2 f5 8. f3 exf3 9. Ngxf3 Bd6 10. Bg5 Be7 11. Bxe7 Qxe7 12. Bg2 Nc6 13. 0-0 0-0 14. Rae1 Rad8 15. Nb3 Rfe8 16. Nc5 Bc8 17. Qb5 a6 18. Qd3 Nf4 19. gxf4 Qxc5 20. Rf2 Qd6 21. Nd2 b5 22. Qg3 Rf8 23. h4 Ne7 24. b4 Rf6 25. h5 Nd5 26. Nb3 Kh8 27. Nc5 Rg8 28. Bxd5 Qxd5 29. Re5 Qd8 30. Rg2 Rh6 31. Qg5 Qf8 32. Kf2 Qe8 33. Rh2 Qc6 34. Rh3 Qb6 35. Nd3 Rf6 36. Re1 h6 37. Qh4 Qd6 38. Rg3 Qd5 39. Qh1 Bb7 40. Qxd5 Bxd5 41. Ne5 Kh7 42. Ra1 Rff8 43. a4 Ra8 44. Ra3 Be4 45. Ke2 Rgd8 46. Ra1 Re8 47. c4 bxc4 48. Rag1 Rg8 49. Kd2 Bd5 50. Kc3 Rad8 51. a5 Rd6 52. Rg6 Be4 53. Kxc4 Bd5+ 54. Kc3 Be4 55. R1g3 Bh1 56. Nd3 Bd5 57. Nc5 Kh8 58. Rg1 Kh7 59. b5 axb5 60. a6 Kh8 61. a7 Kh7 62. Kb4 Kh8 63. Ka5 Ra8 64. Rxg7 Rxa7+ 65. Kb4 Rd8 66. R1g6 Ra1 67. Rxc7 Rb1+ 68. Kc3 Rh1 69. Rxh6+ Kg8 70. Rch7 b4+ 71. Kd2 Rh2+ 72. Ke1 Rh1+ 73. Kf2 Rh2+ 74. Kg3 Rg2+ 75. Kh3 Ra8 76. Rh8+ Kf7 77. Rxa8 Bxa8 78. Nxe6 Rg1 79. Ng5+ Ke7 80. Re6+ Kd7 81. h6 Bd5 82. Re5 Rh1+ 83. Kg3 Bg8 84. Nh3 b3 85. Rb5 Ra1 86. Ng5 Kc6 87. Rb8 Kc7 88. h7 Bxh7 89. Rxb3 Bg8 90. Rb5 Ra3+ 91. Kh4 Rd3 92. Rxf5 Rxd4 93. Nf7 Bh7 94. Rf6 Rd1 95. Ne5 Rh1+ 96. Kg3 1-0

[Event "ZI-2015-0-01948"]
[Site "LSS email"]
[Date "2015.03.15"]
[Round "?"]
[White "Guimares Carvalho, Joao"]
[Black "Mauer, Klaus"]
[Result "0-1"]
[WhiteElo "1707"]
[BlackElo "1563"]
[PlyCount "28"]
[EventDate "2015.03.03"]
[EventType "match (corr)"]
[EventRounds "2"]
[EventCountry "GER"]
[SourceTitle "Corr 2022"]
[Source "ChessBase"]
[SourceDate "2021.10.24"]
[SourceVersion "1"]
[SourceVersionDate "2021.10.24"]
[SourceQuality "1"]

1. e4 e5 2. Nf3 Nc6 3. Bb5 f5 4. Nc3 fxe4 5. Nxe4 Nf6 6. Qe2 d5 7. Nxf6+ gxf6 8. d4 e4 9. Nh4 Be6 10. Bxc6+ bxc6 11. 0-0 Kd7 12. c4 Bd6 13. c5 Be7 14. g3 f5 0-1

[Event "RE-2015-0-00149"]
[Site "LSS email"]
[Date "2015.03.03"]
[Round "?"]
[White "Mauer, Klaus"]
[Black "Evans, Stan"]
[Result "1-0"]
[WhiteElo "800"]
[BlackElo "1228"]
[PlyCount "63"]
[EventDate "2014.12.03"]
[EventType "tourn (corr)"]
[EventRounds "6"]
[EventCountry "GER"]
[SourceTitle "Corr 2022"]
[Source "ChessBase"]
[SourceDate "2021.10.24"]
[SourceVersion "1"]
[SourceVersionDate "2021.10.24"]
[SourceQuality "1"]

1. e4 e5 2. f4 exf4 3. Nf3 g5 4. Bc4 Nc6 5. 0-0 Bg7 6. d4 d6 7. c3 h6 8. Qa4 Bd7 9. Qb3 Na5 10. Bxf7+ Kf8 11. Qd5 c6 12. Qxd6+ Kxf7 13. Bxf4 gxf4 14. Qxf4+ Ke8 15. Nbd2 Ne7 16. b4 Rf8 17. Qg3 Rg8 18. e5 Bf5 19. bxa5 Bd3 20. Rf2 Qxa5 21. Ne1 Ba6 22. Nc2 Bh8 23. Qf3 Qd5 24. Ne4 Kd8 25. Nb4 Qe6 26. Nxa6 bxa6 27. Rb1 Bxe5 28. dxe5 Qxe5 29. Rb7 Kc8 30. Nc5 Qxc5 31. Rxe7 Qxe7 32. Qxc6+ 1-0

[Event "RE-2015-0-00149"]
[Site "LSS email"]
[Date "2015.03.03"]
[Round "?"]
[White "Rivas, Jesus"]
[Black "Mauer, Klaus"]
[Result "0-1"]
[WhiteElo "1470"]
[BlackElo "800"]
[PlyCount "64"]
[EventDate "2014.12.03"]
[EventType "tourn (corr)"]
[EventRounds "6"]
[EventCountry "GER"]
[SourceTitle "Corr 2022"]
[Source "ChessBase"]
[SourceDate "2021.10.24"]
[SourceVersion "1"]
[SourceVersionDate "2021.10.24"]
[SourceQuality "1"]

1. e4 e5 2. Nf3 Nc6 3. d4 exd4 4. Nxd4 Nf6 5. Nc3 Bb4 6. Nxc6 bxc6 7. Bd3 d5 8. exd5 0-0 9. 0-0 cxd5 10. Bg5 c6 11. Qf3 Rb8 12. h3 Bd6 13. b3 Bd7 14. Ne2 Be5 15. Rae1 Re8 16. Ng3 Qc7 17. Nf5 Bxf5 18. Qxf5 g6 19. Qf3 Nd7 20. Re2 Re6 21. Qg4 Rbe8 22. Bh6 f5 23. Qf3 Bh2+ 24. Kh1 Ne5 25. Rxe5 Bxe5 26. h4 Qa5 27. a4 Qb4 28. Bg5 h6 29. Bxh6 Qxh4+ 30. Qh3 Qf6 31. g4 g5 32. Bxf5 Qh8 0-1

[Event "SD-2015-0-00215"]
[Site "LSS email"]
[Date "2015.02.15"]
[Round "?"]
[White "Mauer, Klaus"]
[Black "Dlugolecki, Grzegorz"]
[Result "1-0"]
[WhiteElo "1196"]
[BlackElo "1606"]
[PlyCount "101"]
[EventDate "2015.01.11"]
[EventType "tourn (corr)"]
[EventRounds "6"]
[EventCountry "GER"]
[SourceTitle "Corr 2022"]
[Source "ChessBase"]
[SourceDate "2021.10.24"]
[SourceVersion "1"]
[SourceVersionDate "2021.10.24"]
[SourceQuality "1"]

1. e4 e5 2. f4 exf4 3. Nf3 g5 4. Bc4 g4 5. 0-0 gxf3 6. Qxf3 Qf6 7. d3 Nc6 8. Bxf4 Bc5+ 9. Kh1 d6 10. Nc3 Nge7 11. Qh5 Ne5 12. Nb5 Kd8 13. Bg5 Qg6 14. Bxe7+ Kxe7 15. Qh4+ Kd7 16. Rf6 Qg7 17. Raf1 Kc6 18. Rxf7 Nxf7 19. Qe7 Bd7 20. Rxf7 Qg4 21. Nc3 Rae8 22. Bb5+ Kb6 23. Qxd7 Qxd7 24. Bxd7 Ref8 25. Nd5+ Ka5 26. Rf5 Rxf5 27. exf5 c6 28. Nf4 Rd8 29. Be6 d5 30. g3 Be3 31. Ne2 Bg5 32. Kg2 Bf6 33. c3 Kb5 34. Nd4+ Kc5 35. Nf3 d4 36. c4 Kd6 37. g4 b6 38. g5 Be5 39. b4 Bh8 40. Kg3 Re8 41. Kf4 Rb8 42. h4 Rf8 43. h5 Bg7 44. h6 Bh8 45. Ke4 c5 46. bxc5+ bxc5 47. Bd5 Rc8 48. g6 Rc7 49. Ng5 Re7+ 50. Kf4 Be5+ 51. Kg4 1-0

[Event "ZI-2015-0-01938"]
[Site "LSS email"]
[Date "2015.02.13"]
[Round "?"]
[White "Mauer, Klaus"]
[Black "Cvak, Rudolf"]
[Result "1/2-1/2"]
[WhiteElo "1405"]
[BlackElo "1812"]
[PlyCount "81"]
[EventDate "2015.01.24"]
[EventType "match (corr)"]
[EventRounds "2"]
[EventCountry "GER"]
[SourceTitle "Corr 2022"]
[Source "ChessBase"]
[SourceDate "2021.10.24"]
[SourceVersion "1"]
[SourceVersionDate "2021.10.24"]
[SourceQuality "1"]

1. e4 e5 2. f4 d5 3. exd5 exf4 4. Nf3 Nf6 5. Bc4 Nxd5 6. 0-0 Be7 7. d4 Be6 8. Bxd5 Bxd5 9. Nc3 Bxf3 10. Qxf3 Qxd4+ 11. Kh1 Nc6 12. Bxf4 0-0 13. Bxc7 Qf6 14. Bf4 Rae8 15. Rad1 Qg6 16. Nd5 Bg5 17. Bg3 h5 18. c4 h4 19. Bf2 Re4 20. b3 Rfe8 21. Qh3 b6 22. a3 Re2 23. Bg1 Rc2 24. Rde1 Re6 25. Qf3 Rd2 26. Qg4 Re5 27. Rd1 Ra2 28. a4 Rb2 29. Qf3 Ree2 30. Rde1 Rec2 31. Bf2 Bh6 32. a5 bxa5 33. Nf4 Qf5 34. Be3 Qd7 35. Bc1 Ra2 36. Rd1 Qc8 37. h3 a4 38. bxa4 Bxf4 39. Bxf4 Rxg2 40. Bd2 Rgxd2 41. Rxd2 1/2-1/2

[Event "SE-2015-0-00192"]
[Site "LSS email"]
[Date "2015.01.28"]
[Round "?"]
[White "Grimm, Wolfgang"]
[Black "Mauer, Klaus"]
[Result "0-1"]
[WhiteElo "1453"]
[BlackElo "800"]
[PlyCount "82"]
[EventDate "2014.12.24"]
[EventType "tourn (corr)"]
[EventRounds "6"]
[EventCountry "GER"]
[SourceTitle "Corr 2022"]
[Source "ChessBase"]
[SourceDate "2021.10.24"]
[SourceVersion "1"]
[SourceVersionDate "2021.10.24"]
[SourceQuality "1"]

1. c4 e5 2. Nc3 Nf6 3. Nf3 Nc6 4. e3 Bb4 5. Be2 e4 6. Ng5 Bxc3 7. dxc3 d6 8. f3 0-0 9. 0-0 Bf5 10. fxe4 Bg6 11. Rf4 Re8 12. Qf1 Ne5 13. Nf3 Nxe4 14. Nh4 Qe7 15. a4 Qe6 16. Nxg6 Nxg6 17. Rf5 Ne5 18. Ra3 g6 19. Rf4 f5 20. a5 c6 21. a6 b6 22. b4 Rad8 23. Rh4 g5 24. Rh3 Rf8 25. Rh5 Qg6 26. c5 g4 27. Rh4 dxc5 28. bxc5 b5 29. c4 Qg5 30. g3 b4 31. Rb3 Nd2 32. Bxd2 Rxd2 33. h3 Ng6 34. Qe1 Rfd8 35. hxg4 Nxh4 36. gxh4 Qe7 37. gxf5 Qe5 38. f6 Kf7 39. Kf1 Qh2 40. e4 Rg8 41. Rg3 Rxg3 0-1